Программы для ЭВМ. Базы данных. Топологии интегральных микросхем. 2000, Вып.1(30) (Запись № 3698873)

Подробности
000 -МАРКЕР
контрольное поле 01296nam2a22002411 4500
001 - ИДЕНТИФИКАТОР ЗАПИСИ
контрольное поле RU\NLR\INFOCOMM18\1000120864
005 - ИДЕНТИФИКАТОР ВЕРСИИ
контрольное поле 20250617132748.0
035 ## - ДРУГИЕ СИСТЕМНЫЕ НОМЕРА
Идентификатор записи (NLR Aleph) 002630780
100 ## - ДАННЫЕ ОБЩЕЙ ОБРАБОТКИ
Данные общей обработки 20040926d2000 |||y0rusy50 ca
101 0# - ЯЗЫК РЕСУРСА
Язык текста, звукозаписи и т.д. русский
102 ## - СТРАНА ПУБЛИКАЦИИ ИЛИ ПРОИЗВОДСТВА
Страна публикации российская федерация
105 ## - ПОЛЕ КОДИРОВАННЫХ ДАННЫХ: ТЕКСТОВЫЕ МАТЕРИАЛЫ, МОНОГРАФИЧЕСКИЕ
Кодированные данные о монографическом текстовом документе y |||||||||
200 0# - ЗАГЛАВИЕ И СВЕДЕНИЯ ОБ ОТВЕТСТВЕННОСТИ
Основное заглавие 2000, Вып.1(30)
210 ## - ПУБЛИКАЦИЯ, РАСПРОСТРАНЕНИЕ И ДР.
Дата издания, распространения и т.д. 2000
Место издания, распространения и т.д. Б. м.
461 #0 - УРОВЕНЬ НАБОРА
Встроенное поле 001RU\NLR\INFOCOMM18\1000120841
-- 2001#$aПрограммы для ЭВМ. Базы данных. Топологии интегральных микросхем$eОфиц. бюл. Рос. агентства по пат. и товар. знакам$v2000, Вып.1(30)
Системный номер (АБИС) связанной записи 3070472
Автор Российское агентство по правовой охране программ для ЭВМ, баз данных и топологий интегральных микросхем
Место публикации М.
Дата публикации 1994-
Имя издателя, распространителя и т.д. ФИПС
Сведения, относящиеся к заглавию Офиц. бюл. Рос. агентства по пат. и товар. знакам
Заглавие Программы для ЭВМ. Базы данных. Топологии интегральных микросхем
ISSN 1683-3090
Номер тома 2000, Вып.1(30)
801 #1 - ИСТОЧНИК ЗАПИСИ
Страна российская федерация
Организация InfoComm
Дата составления 20040926
801 #0 - ИСТОЧНИК ЗАПИСИ
Страна российская федерация
Организация NLR
Правила каталогизации PSBO
852 ## - МЕСТОНАХОЖДЕНИЕ И ШИФР ХРАНЕНИЯ
Идентификатор организации NLR
Наименование фонда или коллекции (Sub-Location Identifier) Пт
Шифр хранения (Call Number) П-2/172
942 ## - ДОПОЛНИТЕЛЬНЫЕ ЭЛЕМЕНТЫ ЗАПИСИ (АБИС)
Тип экземпляра АБИС Выпуск
980 ## - КОЛЛЕКЦИЯ
Название коллекции Национальная библиография
980 ## - КОЛЛЕКЦИЯ
Название коллекции Русская периодика

Нет доступных экземпляров.